النيل و تاريخ الرى فى مصر / (رقم التسجيلة. 93771)
[ عرض عادي ]
| 000 -LEADER | |
|---|---|
| fixed length control field | 01172cam a2200277 a 4500 |
| 003 - CONTROL NUMBER IDENTIFIER | |
| control field | EG-GiCUC |
| 008 - FIXED-LENGTH DATA ELEMENTS--GENERAL INFORMATION | |
| fixed length control field | 070322s198u ua b g f000 0 ara d |
| 040 ## - CATALOGING SOURCE | |
| Original cataloging agency | EG-GiCUC |
| Language of cataloging | ara |
| Transcribing agency | EG-GiCUC |
| 050 #4 - LIBRARY OF CONGRESS CALL NUMBER | |
| Classification number | S612.E3 |
| Item number | E5 |
| 092 04 - LOCALLY ASSIGNED DEWEY CALL NUMBER (OCLC) | |
| Classification number | 631.587 |
| Item number | M67838 |
| Edition number | 21 |
| 099 ## - LOCAL FREE-TEXT CALL NUMBER (OCLC) | |
| Classification number | 04 |
| -- | 631.587 M67838 |
| 110 1# - MAIN ENTRY--CORPORATE NAME | |
| Corporate name or jurisdiction name as entry element | مصر. |
| Subordinate unit | وزارة الاشغال العامة والموارد المائية. |
| -- | اللجنة الاهلية المصرية للرى و الصرف |
| 245 12 - TITLE STATEMENT | |
| Title | النيل و تاريخ الرى فى مصر / |
| Statement of responsibility, etc. | اللجنة الاهلية المصرية للرى و الصرف |
| 246 30 - VARYING FORM OF TITLE | |
| Title proper/short title | تاريخ الرى فى مصر |
| 260 ## - PUBLICATION, DISTRIBUTION, ETC. | |
| Place of publication, distribution, etc. | القاهرة : |
| Name of publisher, distributor, etc. | وزارة الاشغال العامة والموارد المائية : |
| Date of publication, distribution, etc. | [198-] |
| 300 ## - PHYSICAL DESCRIPTION | |
| Extent | 584ص : |
| Other physical details | خرائط ؛ |
| Dimensions | 30سم |
| 650 #7 - SUBJECT ADDED ENTRY--TOPICAL TERM | |
| Topical term or geographic name entry element | الرى |
| Geographic subdivision | مصر |
| Source of heading or term | qrmak |
| 650 #7 - SUBJECT ADDED ENTRY--TOPICAL TERM | |
| Topical term or geographic name entry element | الرى |
| Geographic subdivision | مصر |
| General subdivision | تاريخ |
| Source of heading or term | qrmak |
| 651 #7 - SUBJECT ADDED ENTRY--GEOGRAPHIC NAME | |
| Geographic name | نهر النيل |
| Source of heading or term | qrmak |
| 651 #7 - SUBJECT ADDED ENTRY--GEOGRAPHIC NAME | |
| Geographic name | نهر النيل |
| General subdivision | جغرافيا |
| Source of heading or term | qrmak |
| 710 1# - ADDED ENTRY--CORPORATE NAME | |
| Corporate name or jurisdiction name as entry element | مصر. |
| Subordinate unit | وزارة الاشغال والموارد المائية |
| 902 ## - LOCAL DATA ELEMENT B, LDB (RLIN) | |
| No. of Items | 1 |
| 905 ## - LOCAL DATA ELEMENT E, LDE (RLIN) | |
| Cataloger | الهام |
| Reviser | مدخل |
| 905 ## - LOCAL DATA ELEMENT E, LDE (RLIN) | |
| Cataloger | ايمان ع |
| Reviser | مراجع |
| 942 ## - ADDED ENTRY ELEMENTS (KOHA) | |
| Source of classification or shelving scheme | Dewey Decimal Classification |
| Koha item type | Books |
| Source of classification or shelving scheme | Not for loan | Home library | Current library | Date acquired | Full call number | Barcode | Date last seen | Copy number | Koha item type |
|---|---|---|---|---|---|---|---|---|---|
| Dewey Decimal Classification | المكتبة المركزبة الجديدة - جامعة القاهرة | قاعة الكتب - الدور الثاني | 11.02.2024 | 631.587 M67838 | 01000100101980000 | 22.09.2023 | C.1 | Books |